Actas del primer symposium sobre algas marinas chilenas

Na minha lista:
Detalhes bibliográficos
Autor principal: Santelices, Bernabe (Autor)
Formato: Livro
Idioma:espanhol
Publicado em: Santiago Ministerio de Economía Fomento y Reconstrucción. Subsecretaría de Pesca 1978
Assuntos:
Tags: Adicionar Tag
Sem tags, seja o primeiro a adicionar uma tag!

MARC

LEADER 00000nam a2200000 a 4500
001 UCV4912
003 CL-VaPUC
005 20230629103734.0
008 901112e19780000cl 1 spa d
082 0 4 |a 589.309  |b SAN  |2 21 
100 1 |a Santelices, Bernabe  |e author  |9 616499 
245 1 0 |a Actas del primer symposium sobre algas marinas chilenas 
260 |a Santiago  |b Ministerio de Economía Fomento y Reconstrucción. Subsecretaría de Pesca  |c 1978 
300 |a 312 p 
583 |a last modification  |c 19901112 00:00:00  |k Rodrigo Vera 
650 0 0 |a Algas marinas  |9 261775 
651 7 |a CHILE  |2 CL-VaPUC  |9 616500 
942 |c BK 
945 |d 19901112 00:00:00 
546 |a En Español 
518 |p Symposium sobre Algas Marinas Chilenas, 1, Santiago, Chile, 1978 
999 |c 381966  |d 381964 
952 |0 0  |1 0  |2 ddc  |4 0  |6 589_309000000000000_SAN_1978  |7 0  |8 CCM  |9 503354  |a BIBCUR  |b BIBCUR  |c PAC  |d 2020-01-23  |i 2587637  |o 589.309 SAN 1978  |p 2587637  |r 2025-04-22  |w 2020-01-23  |y BK  |k CIM